000 00702nam a22002417a 4500
003 UA-OsUOA
001 73234
007 ta
008 20110216b un ||||| |||| 00| 0 ukr d
100 _aПоплавська О.М.. Цимбалюк С.О.
090 _a331.101.1
_bП57
942 _cBK
040 _aUA-OsUOA
_bukr
_cUA-OsUOA
_dUA-OsUOA
245 _aЕгрономіка
300 _a197 с.
955 _a2
041 _aukr
080 _a331.101.1
020 _a978-966-483-186-1
260 _aК.
_bКНЕУ
_c2009
650 7 _a331 Праця. Працевлаштування. Робота. Економіка праці. Організація праці
_2UDC
999 _c359515
_d359515